01017cam a22002531 4500001001300000003000400013005001700017008004100034010001700075035001900092040002600111042001200137050002300149051001700172082001300189100003400202245013700236260009200373300002200465410006500487500011100552650003700663700006300700e 56000132 DLC20260227111235.0750513s1956 xx 000 0 eng  ae 56000132  a(OCoLC)1328880 aDLCcNAlUdOCoLCdDLC apremarc00aL111b.A614 no. 27 aLB2864b.F35 a379.17521 aFeatherston, E. Glenn,d1900-10aPupil transportation;bresponsibilities and services of State departments of education,cby E. Glenn Featherston and Robert F. Will. a[Washington]bU.S. Dept. of Health, Education, and Welfare, Office of Educationc[1956] avi, 39 p.c29 cm.10aUnited States.bOffice of Education.tMiscellaneous,vno. 27 aL111.A614 bound with: Misc. / United States. Office of Education, no. 28-no. 32 subsequent to publication. 0aSchool childrenxTransportation.1 aWill, Robert F.q(Robert Frederick),d1917-ejoint author.